| 000 | 01649nam a2200457 c 4500 | ||
|---|---|---|---|
| 001 | 21511 | ||
| 003 | ES-MaCES | ||
| 005 | 20150925135640.0 | ||
| 008 | 080930s2007 sp t o000 | spa d | ||
| 017 |
_aSE 4502-2007 _bDL |
||
| 020 | _a9788469051986 | ||
| 035 | _aCES20080009559m | ||
| 040 |
_aES-MaCES _bspa _cES-MaCES |
||
| 245 | 0 | 0 |
_aInmigración, religión y trabajo en Andalucía _b: (reflexiones sobre las implicaciones laborales derivadas de la pluralidad religiosa) _cRoberto Fernández Fernández ... [et al.] |
| 250 | _a1ª ed | ||
| 260 |
_aSevilla _bConsejo Económico y Social de Andalucía _c2007 |
||
| 300 |
_a158 p. _c24 cm _e1 CD-ROM |
||
| 490 | 1 | _aColección Premio de investigación | |
| 500 | _aPubl. simultáneamente en CD-ROM | ||
| 504 | _aBibliografía: p. 141-158 | ||
| 541 | _cGratuito | ||
| 650 | 4 |
_ainmigración _928632 |
|
| 650 | 4 |
_ainmigrante _928631 |
|
| 650 | 4 |
_areligión _927326 |
|
| 650 | 4 |
_apráctica religiosa _927327 |
|
| 650 | 4 |
_alibertad religiosa _927179 |
|
| 650 | 4 |
_aempleo _928299 |
|
| 650 | 4 |
_atrabajador migrante _928408 |
|
| 650 | 4 |
_acondiciones de trabajo _928327 |
|
| 650 | 4 |
_aseguridad social _927034 |
|
| 650 | 4 |
_aAndalucia _930791 |
|
| 650 | 4 |
_aCD ROM _930331 |
|
| 653 | 1 | 0 | _aRelaciones laborales-Empleo |
| 650 | 4 |
_928369 _arelaciones laborales |
|
| 700 | 1 |
_aFernández Fernández, Roberto _911854 |
|
| 710 | 2 |
_aConsejo Económico y Social de Andalucía _eed. _92430 |
|
| 830 | 0 |
_aColección Premio de Investigación (Consejo Económico y Social de Andalucía) _934174 |
|
| 902 | _aLIB Libro | ||
| 942 |
_2CES _cBK _h2.0. |
||
| 999 |
_c21511 _d21511 |
||